Európsky parlament - vývoj, činnosť a aktuálne výzvy bakalárska práca

Enregistré dans:
Détails bibliographiques
Auteur principal: Zápražná, Zuzana
Collectivité auteur: Fakulta medzinárodných vzťahov EU. Katedra medzinárodných ekonomických vzťahov a hospodárskej diplomacie
Autres auteurs: Mattoš, Boris, 1977-
Format: Livre
Langue:slovaque
Publié: Bratislava 2009
Tags: Ajouter un tag
Pas de tags, Soyez le premier à ajouter un tag!

MARC

LEADER 00000nam$a2200000$$$4500
001 0100001
005 20240318140827.8
041 0 |a slo 
044 |a SK 
245 1 0 |a Európsky parlament - vývoj, činnosť a aktuálne výzvy  |b bakalárska práca  |c Zuzana Zápražná ; škol. Boris Mattoš 
264 1 |a Bratislava  |c 2009 
300 |a 50 s. 
100 1 |a Zápražná, Zuzana 
700 1 |a Mattoš, Boris, 1977- 
710 2 |a Fakulta medzinárodných vzťahov EU. Katedra medzinárodných ekonomických vzťahov a hospodárskej diplomacie